It hurts so bad, Lord! / (Record no. 3978)

MARC details
000 -LEADER
fixed length control field 00672nam a2200241 i 4500
001 - CONTROL NUMBER
control field 3636061
003 - CONTROL NUMBER IDENTIFIER
control field GBCCL
005 - DATE AND TIME OF LATEST TRANSACTION
control field 20241126110508.0
008 - FIXED-LENGTH DATA ELEMENTS--GENERAL INFORMATION
fixed length control field 770324s1976 tnu b 000 0 eng
010 ## -
-- 75042860
020 ## - INTERNATIONAL STANDARD BOOK NUMBER
International Standard Book Number 0805452389
040 ## - CATALOGING SOURCE
Original cataloging agency DLC
Transcribing agency DLC
Modifying agency DLC
050 00 -
-- BV4905.2
-- .L37
082 00 - DEWEY DECIMAL CLASSIFICATION NUMBER
Classification number 248.86
Item number LES
100 1# - MAIN ENTRY--PERSONAL NAME
Personal name Lester, Andrew D.
9 (RLIN) 7739
245 10 - TITLE STATEMENT
Title It hurts so bad, Lord! /
Statement of responsibility, etc. Andrew D. Lester.
260 ## - PUBLICATION, DISTRIBUTION, ETC.
Place of publication, distribution, etc. Nashville :
Name of publisher, distributor, etc. Broadman Press,
Date of publication, distribution, etc. c1976.
300 ## - PHYSICAL DESCRIPTION
Extent 128 p. ;
Dimensions 21 cm.
504 ## - BIBLIOGRAPHY, ETC. NOTE
Bibliography, etc. note Includes bibliographical references.
650 #0 - SUBJECT ADDED ENTRY--TOPICAL TERM
Topical term or geographic name entry element Consolation.
9 (RLIN) 348
906 ## - LOCAL DATA ELEMENT F, LDF (RLIN)
a 7
b cbc
c orignew
d 2
e ocip
f 19
g y-gencatlg
942 ## - ADDED ENTRY ELEMENTS (KOHA)
Source of classification or shelving scheme Dewey Decimal Classification
Koha item type Books
Holdings
Withdrawn status Lost status Source of classification or shelving scheme Damaged status Not for loan Home library Current Library Shelving location Date acquired Total checkouts Full call number Barcode Date last seen Copy number Price effective from Koha item type
    Dewey Decimal Classification     GRACE BIBLE COLLEGE GRACE BIBLE COLLEGE Ministry & Mission 2017-12-19   248.86 LES 008448 2025-05-01 c.1 2017-12-19 Books
© Grace Bible College Library 2025